MARC details
| 000 -CABECERA |
| campo de control de longitud fija |
05476nam a22003857a 4500 |
| 003 - IDENTIFICADOR DEL NÚMERO DE CONTROL |
| campo de control |
CHAP |
| 005 - FECHA Y HORA DE LA ÚLTIMA TRANSACCIÓN |
| campo de control |
20260319084107.0 |
| 007 - CAMPO FIJO DE DESCRIPCIÓN FÍSICA--INFORMACIÓN GENERAL |
| campo de control de longitud fija |
ta |
| 008 - DATOS DE LONGITUD FIJA--INFORMACIÓN GENERAL |
| campo de control de longitud fija |
260318s2025 mx ado|fom||| 001 0 spa d |
| 040 ## - FUENTE DE LA CATALOGACIÓN |
| Normas de descripción |
rda |
| 041 ## - CÓDIGO DE LENGUA |
| Código de lengua del texto/banda sonora o título independiente |
spa |
| Código de lengua del sumario o resumen |
eng |
| 100 1# - ENTRADA PRINCIPAL--NOMBRE DE PERSONA |
| Nombre de persona |
Saldaña Soto, Benjamin |
| 9 (RLIN) |
189084 |
| 240 10 - TÍTULO UNIFORME |
| Título uniforme |
Synthesis of paclobutrazole-type substituted 1,2,3- triazoles and in silico prediction of their bioactivities. |
| Lenguaje de la obra |
Español |
| 245 10 - MENCIÓN DE TÍTULO |
| Título |
Síntesis de 1,2,3-triazoles sustituidos tipo paclobutrazol y predicción in silico de sus bioactividades / |
| Mención de responsabilidad, etc. |
Benjamin Saldaña Soto |
| 264 ## - PRODUCCIÓN, PUBLICACIÓN, DISTRIBUCIÓN, FABRICACIÓN Y COPYRIGHT |
| Producción, publicación, distribución, fabricación y copyright |
Chapingo, México : |
| Nombre del de productor, editor, distribuidor, fabricante |
El autor, |
| Fecha de producción, publicación, distribución, fabricación o copyright |
2025 |
| 300 ## - DESCRIPCIÓN FÍSICA |
| Extensión |
1 recurso en línea ( 179 páginas) : |
| Otras características físicas |
ilustraciones, tablas, gráficas, diagramas, fotografías |
| 336 ## - TIPO DE CONTENIDO |
| Fuente |
rdacontent |
| Término de tipo de contenido |
texto |
| Código de tipo de contenido |
txt |
| 337 ## - TIPO DE MEDIO |
| Fuente |
rdamedia |
| Nombre/término del tipo de medio |
computadora |
| Código del tipo de medio |
c |
| 338 ## - TIPO DE SOPORTE |
| Fuente |
rdacarrier |
| Nombre/término del tipo de soporte |
recurso en línea |
| Código del tipo de soporte |
cr |
| 502 ## - NOTA DE TESIS |
| Nota de tesis |
Tesis |
| Tipo de título |
(Maestro en Ciencia y Tecnología Agroalimentaria) -- |
| Nombre de la institución que otorga el título |
Departamento de Ingeniería Agroindustrial, |
| Año de obtención del título |
2025 |
| Información miscelánea |
Maestría |
| 504 ## - NOTA DE BIBLIOGRAFÍA, ETC. |
| Nota de bibliografía, etc. |
Incluye bibliografías |
| 520 3# - SUMARIO, ETC. |
| Sumario, etc. |
Los triazoles y sus derivados son compuestos de gran relevancia debido a sus destacadas propiedades biológicas, que incluyen actividad antimicrobiana, herbicida y antifúngica, así como su capacidad para regular el crecimiento vegetal. Como fungicidas y reguladores del crecimiento, estos agroquímicos representan una alternativa económica para combatir enfermedades de las plantas causadas por hongos patógenos, que afectan la calidad y el rendimiento de los alimentos a nivel global. Por esta razón, los triazoles constituyen estructuras químicas de gran interés para el desarrollo de nuevos agroquímicos. Actualmente, la combinación de métodos experimentales y enfoques computacionales se ha consolidado como una estrategia eficaz para el diseño y la síntesis de nuevos compuestos con potencial bioactivo para la protección de cultivos. En esta investigación se sintetizaron 45 nuevos 1,2,3-triazoles sustituidos, obteniendo buenos rendimientos mediante la reacción “Click” entre una azidopinacolona y alquinos. De los productos finales, 15 fueron clasificados como análogos de paclobutrazol, caracterizados mediante espectroscopía infrarroja y resonancia magnética nuclear. Paralelamente, se construyó un modelo de relaciones cuantitativas estructura–actividad basado en datos experimentales extraídos de ChEMBL para predecir la actividad antifúngica; 6E y 7E resultaron los más prometedores. El acoplamiento molecular indicó que los compuestos 6H, 6I y 6K mostraron afinidades superiores a las de difenoconazol y paclobutrazol para las dianas de CYP51 de Fusarium oxysporum y de la proteína ent-kaureno oxidasa. Finalmente, la evaluación de absorción, distribución, metabolismo y excreción mediante SwissADME permitió descartar estructuras poco viables y desarrollar un índice de priorización que consideró la afinidad, las propiedades fisicoquímicas y la facilidad de síntesis. Los resultados obtenidos respaldan el potencial de estos triazoles como base para el desarrollo de nuevos agroquímicos. |
| 520 3# - SUMARIO, ETC. |
| Sumario, etc. |
Triazoles and their derivatives are compounds of great importance due to their notable biological properties, which include antimicrobial, herbicidal, and antifungal activity, as well as their ability to regulate plant growth. As fungicides and growth regulators, these agrochemicals represent a cost-effective alternative to combat plant diseases caused by pathogenic fungi, which affect food quality and yield worldwide. For this reason, triazoles are valuable chemical scaffolds for the development of new agrochemicals. Currently, the combination of experimental methods and computational approaches has become an effective strategy for the design and synthesis of new compounds with bioactive potential for crop protection. In this work, 45 new substituted 1,2,3-triazoles were synthesized, achieving good yields through the “Click” reaction between azidopinacolone and alkynes. Among the final products, 15 were classified as paclobutrazol analogues and were characterized by infrared spectroscopy and nuclear magnetic resonance. In parallel, a quantitative structure–activity relationships model was built using ChEMBL experimental data to predict antifungal activity; compounds 6E and 7E were identified as the most promising. Molecular docking indicated that compounds 6H, 6I, and 6K exhibited higher affinities than difenoconazole and paclobutrazol for the CYP51 target of Fusarium oxysporum and for ent-kaurene oxidase. Finally, the absorption, distribution, metabolism, and excretion evaluation using SwissADME enabled the exclusion of low-suitability structures and the development of a prioritization index that accounted for affinity, physicochemical properties, and synthetic accessibility. The results obtained support the potential of these triazoles for the development of new agrochemicals. |
| 650 13 - PUNTO DE ACCESO ADICIONAL DE MATERIA--TÉRMINO DE MATERIA |
| Término de materia o nombre geográfico como elemento de entrada |
Triazoles |
| Fuente del encabezamiento o término |
atg |
| 9 (RLIN) |
191653 |
| Subdivisión general |
Propiedades fungicidas |
| 650 13 - PUNTO DE ACCESO ADICIONAL DE MATERIA--TÉRMINO DE MATERIA |
| Término de materia o nombre geográfico como elemento de entrada |
Paclobutrazol |
| Fuente del encabezamiento o término |
atg |
| 9 (RLIN) |
84624 |
| Subdivisión general |
Propiedades fungicidas |
| 650 13 - PUNTO DE ACCESO ADICIONAL DE MATERIA--TÉRMINO DE MATERIA |
| Término de materia o nombre geográfico como elemento de entrada |
Fungicidas |
| Fuente del encabezamiento o término |
atg |
| 9 (RLIN) |
44044 |
| 650 13 - PUNTO DE ACCESO ADICIONAL DE MATERIA--TÉRMINO DE MATERIA |
| Término de materia o nombre geográfico como elemento de entrada |
Triazoles |
| Fuente del encabezamiento o término |
atg |
| 9 (RLIN) |
191653 |
| Subdivisión general |
Antifungal properties |
| 650 13 - PUNTO DE ACCESO ADICIONAL DE MATERIA--TÉRMINO DE MATERIA |
| Término de materia o nombre geográfico como elemento de entrada |
Paclobutrazol |
| Fuente del encabezamiento o término |
atg |
| 9 (RLIN) |
84624 |
| Subdivisión general |
Antifungal properties |
| 650 13 - PUNTO DE ACCESO ADICIONAL DE MATERIA--TÉRMINO DE MATERIA |
| Término de materia o nombre geográfico como elemento de entrada |
Fungicides |
| Fuente del encabezamiento o término |
atg |
| 9 (RLIN) |
160948 |
| 700 1# - PUNTO DE ACCESO ADICIONAL--NOMBRE DE PERSONA |
| Nombre de persona |
Zuleta Prada, Holber |
| 9 (RLIN) |
163248 |
| Término indicativo de función/relación |
director |
| 700 1# - PUNTO DE ACCESO ADICIONAL--NOMBRE DE PERSONA |
| Nombre de persona |
López Valdez, Luis Germán |
| 9 (RLIN) |
189085 |
| Término indicativo de función/relación |
asesor |
| 700 1# - PUNTO DE ACCESO ADICIONAL--NOMBRE DE PERSONA |
| Nombre de persona |
Espinosa Solares, Teodoro |
| 9 (RLIN) |
153069 |
| Término indicativo de función/relación |
asesor |
| 856 40 - LOCALIZACIÓN Y ACCESO ELECTRÓNICOS |
| Identificador Uniforme del Recurso |
http://10.13.5.2/tesis/t?/archivo.pdf |
| Nota pública |
DESCARGAR PDF |
| 942 ## - ELEMENTOS DE PUNTO DE ACCESO ADICIONAL (KOHA) |
| Fuente del sistema de clasificación o colocación |
Clasificación Universidad Autónoma Chapingo |